MARC

LEADER 00000nam0a2200000 4500
001 361897
005 20231102011432.0
035 |a (RuTPU)RU\TPU\retro\19243 
090 |a 361897 
100 |a 20210707d1980 m y0rusy50 ca 
101 0 |a rus 
102 |a RU 
105 |a a j 001zy 
200 1 |a Эксплуатационные основы устройств железнодорожной автоматики и телемеханики  |e учебник для вузов  |f И. М. Кокурин, Л. Ф. Кондратенко 
210 |a Москва  |c Транспорт  |d 1980 
215 |a 168 с.  |c ил. 
320 |a Библиогр.: с. 166 
606 |a Железные дороги  |x Автоматизация  |2 stltpush  |3 (RuTPU)RU\TPU\subj\10439  |9 37511 
606 1 |a Железные дороги  |x Телемеханизация  |2 stltpush  |3 (RuTPU)RU\TPU\subj\10452  |9 37524 
610 1 |a учебники 
610 1 |a эксплуатация 
610 1 |a тяговые силы 
610 1 |a расчеты 
610 1 |a перегоны 
610 1 |a переезды 
610 1 |a техника безопасности 
610 1 |a железнодорожные станции 
610 1 |a диспетчерское автоматическое управление 
610 1 |a диспетчерские центры 
610 1 |a сортировочные горки 
610 1 |a пропускная способность 
675 |a 656.25(075.8)  |v 4 
675 |a 656.257(075.8)  |v 4 
700 1 |a Кокурин  |b И. М.  |g Иосиф Михайлович 
701 1 |a Кондратенко  |b Л. Ф.  |g Леонид Федорович 
801 1 |a RU  |b 63413507  |c 20210707 
942 |c BK